<?xml version="1.0" encoding="UTF-8"?>
<collection xmlns:xsi="http://www.w3.org/2001/XMLSchema-instance" xsi:schemaLocation="http://www.loc.gov/MARC21/slim http://www.loc.gov/standards/marcxml/schema/MARC21slim.xsd" xmlns="http://www.loc.gov/MARC21/slim">
 <record>
  <leader>00000cam a22000003i 4500</leader>
  <controlfield tag="001">UP-1685594773862036169</controlfield>
  <controlfield tag="003">Buklod</controlfield>
  <controlfield tag="005">20160905110521.0</controlfield>
  <controlfield tag="006">g||| |     ||   ||</controlfield>
  <controlfield tag="007">ta</controlfield>
  <controlfield tag="008">160905s1972    mauc    r    |||| u|eng d</controlfield>
  <datafield tag="020" ind1=" " ind2=" ">
   <subfield code="a">0395127017</subfield>
  </datafield>
  <datafield tag="035" ind1=" " ind2=" ">
   <subfield code="a">(iLib)UPBAG-00021792051</subfield>
  </datafield>
  <datafield tag="040" ind1=" " ind2=" ">
   <subfield code="a">DLC</subfield>
   <subfield code="d">BAG</subfield>
   <subfield code="e">rda</subfield>
  </datafield>
  <datafield tag="041" ind1="0" ind2=" ">
   <subfield code="a">eng</subfield>
  </datafield>
  <datafield tag="090" ind1=" " ind2="0">
   <subfield code="a">PS 508 A8</subfield>
   <subfield code="b">H87 1972</subfield>
  </datafield>
  <datafield tag="245" ind1="0" ind2="0">
   <subfield code="a">Asian-American authors</subfield>
   <subfield code="c">[compiled by] Kai-yu Hsu, Helen Palubinskas.</subfield>
  </datafield>
  <datafield tag="264" ind1=" " ind2="1">
   <subfield code="a">Boston</subfield>
   <subfield code="b">Houghton Mifflin Company</subfield>
   <subfield code="c">©1972.</subfield>
  </datafield>
  <datafield tag="300" ind1=" " ind2=" ">
   <subfield code="a">184 pages</subfield>
   <subfield code="b">portraits</subfield>
   <subfield code="c">21 cm</subfield>
  </datafield>
  <datafield tag="490" ind1="0" ind2=" ">
   <subfield code="a">Multi-ethnic literature</subfield>
  </datafield>
  <datafield tag="505" ind1="0" ind2=" ">
   <subfield code="a">CHINESE-AMERICAN LITERATURE -- A brief chronology of the Chinese in America -- From Father and Glorious Descendant / Pardee Lowe -- A mesure of freedom / Jade Snow Wong -- From The House that Tai Ming Built / Virginia Lee -- Food for all his dead / Frank Chin -- From The Frontiers of Love / Diana Chang -- &quot;Auntie Tsia Lays Dying&quot; / Jeffery Paul Chan -- Letter to Kay Boyle / Shawn H. Wong -- Threads / Russell C. Leong -- JAPANESE-AMERICAN LITERATURE -- a brief chronology of the Japanese in America. The eggs of the world / Toshio Mori -- One Sunday in December / Daniel K. Inouye with. Lawrence Elliot -- West side songs: Whiterama, 109; Something Holds, 109; Purple, 110; Filipinos, 111; Chinks, 111; Japs, 112 / Lawson Fusao Inada -- The brown house / Hisaye Yamamoto -- The room -- San Bruno / Iwao  Kawakami -- FILIPINO-AMERICAN LITERATURE -- a brief chronology of the Filipinos in America. Sphinx -- Query / Joaquin Legaspi -- 57 -- 60 / Jose Garcia Villa -- It was a warm summer day / Alfred A. Robles -- What we know -- A letter to Nancy / Bayani L. Mariano -- The morning star / N.V.M. Gonzalez -- A funeral / Samuel Tagatac -- A summer in an Alaskan Salmon Cannery / J.C. Dionisio / Scent of apples / Bienvenido N. Santos -- The price / Oscar F. Penaranda.</subfield>
  </datafield>
  <datafield tag="650" ind1=" " ind2="0">
   <subfield code="a">American literature</subfield>
   <subfield code="x">Asian American authors.</subfield>
  </datafield>
  <datafield tag="650" ind1=" " ind2="0">
   <subfield code="a">American literature</subfield>
   <subfield code="x">Asian American authors</subfield>
   <subfield code="x">History and criticism.</subfield>
  </datafield>
  <datafield tag="650" ind1=" " ind2="0">
   <subfield code="a">Asian Americans</subfield>
   <subfield code="v">Literary collections.</subfield>
  </datafield>
  <datafield tag="650" ind1=" " ind2="0">
   <subfield code="a">Asian Americans</subfield>
   <subfield code="x">Intellectual life.</subfield>
  </datafield>
  <datafield tag="650" ind1=" " ind2="0">
   <subfield code="a">Asian Americans in literature.</subfield>
  </datafield>
  <datafield tag="700" ind1="1" ind2=" ">
   <subfield code="a">Hsu, Kai-yu</subfield>
   <subfield code="d">1922-</subfield>
   <subfield code="e">compiler.</subfield>
  </datafield>
  <datafield tag="700" ind1="1" ind2=" ">
   <subfield code="a">Palubinskas, Helen</subfield>
   <subfield code="e">compiler.</subfield>
  </datafield>
  <datafield tag="905" ind1=" " ind2=" ">
   <subfield code="a">FO</subfield>
  </datafield>
  <datafield tag="852" ind1="0" ind2=" ">
   <subfield code="a">UPBAG</subfield>
   <subfield code="b">UPBAG-MAIN</subfield>
   <subfield code="h">PS 508 A8 H87 1972</subfield>
  </datafield>
  <datafield tag="942" ind1=" " ind2=" ">
   <subfield code="a">Book</subfield>
  </datafield>
 </record>
</collection>
